| 000 | 00799nam a22001457a 4500 | ||
|---|---|---|---|
| 999 |
_c529891 _d529891 |
||
| 008 | 250513b ||||| |||| 00| 0 eng d | ||
| 100 |
_a Sodhi, Inderjeet Singh _953026 |
||
| 245 | _aTrijita Gonsalves, women in the civil services: Gender and workplace identities in India | ||
| 260 | _aIndian Journal of Public Administration | ||
| 300 | _a71(1), Mar, 2025: p.210-212 | ||
| 520 | _aTrijita Gonsalves, Women in the Civil Services: Gender and Workplace Identities in India (Routledge, 2022), 170 pp. ₹1,295; £38.99.ISBN: 978-1-032-02417-2 (HBK); ISBN: 978-1-032-04528-3 (PBK); ISBN: 978-1-003-19363-0 (EBK).- Reproduced https://journals.sagepub.com/doi/full/10.1177/00195561241284452 | ||
| 773 | _aIndian Journal of Public Administration | ||
| 906 | _aBOOK REVIEW | ||
| 942 | _cAR | ||